000 002440000a22000970004500
100 1 _aHamilton, Tim
245 1 0 _aCold comfort : No welcome mat for asylum seekers
300 _aNum. 14, (2000), Páginas 18-20
773 0 _tTeartimes
942 _cANA
999 _c55893
_d55893